000 00647nam a2200205 a 4500
001 000024386
005 20200930022949.0
008 110126s1999 sp b r 000 f spa d
020 _a8408027441
040 _aDO-SdBNP
_bspa
_cBNPHU
082 _a863.64
_bB467h
100 1 _aBenítez, J. J.,
_d1946-
_950009
245 1 0 _aHermón :
_bcaballo de Troya 6 /
_cJ.J. Benítez.
260 _aBarcelona :
_bPlaneta,
_c1999.
300 _a489 p. :
_bmapa ;
_c24 cm.
504 _aIncluye referencias bibliográficas y notas al pie de las páginas.
650 4 _aNovela española
_91123
650 4 _aLiteratura española
_ySIGLO XX
_93326
049 _aBNGR
999 _c23879
_d23879